| 000 | 00484pab a2200169 454500 | ||
|---|---|---|---|
| 008 | 180718b2005 xxu||||| |||| 00| 0 eng d | ||
| 100 | _aHendriks, Frank | ||
| 245 | _aEveryday fixers as local heroes: a case study of vital interaction in urban governance | ||
| 260 | _c2005 | ||
| 300 | _ap.475-90. | ||
| 362 | _aAug | ||
| 650 | _aUrban development - Case studies | ||
| 650 | _aUrban development | ||
| 700 | _aTops, Pieter | ||
| 773 | _aLocal Government Studies | ||
| 909 | _a65947 | ||
| 999 |
_c65947 _d65947 |
||